logo

Bir Sreshtho Munshi Abdur Rouf Library
Jhenaidah Cadet College

Evolution of geographical thought / (Record no. 4107)

MARC details
000 -LEADER
fixed length control field 00773nam a2200277 a 4500
001 - CONTROL NUMBER
JCCL Control Number 4107
003 - CONTROL NUMBER IDENTIFIER
JCCL marc code BD-JhCC
005 - DATE AND TIME OF LATEST TRANSACTION
control field 20171123170219.0
008 - FIXED-LENGTH DATA ELEMENTS--GENERAL INFORMATION
fixed length control field 171122r20072004ii a|||| |||| 000 0 eng d
020 ## - INTERNATIONAL STANDARD BOOK NUMBER
International Standard Book Number 8170339030 (hardcover)
Terms of availability 8170339049 (paperback)
035 ## - SYSTEM CONTROL NUMBER
system control number (BD-JhCC)4107
040 ## - CATALOGING SOURCE
Original cataloging agency BD-JhCC
Modifying agency BD-JhCC
041 ## - LANGUAGE CODE
Language code of Book eng
082 ## - DEWEY DECIMAL CLASSIFICATION NUMBER
DDC Edition number 23
Classification number 911
Author mark and Year HUS 2007
100 ## - MAIN ENTRY--PERSONAL NAME
Personal name Husain, Majid
245 ## - TITLE STATEMENT
Title Evolution of geographical thought /
Statement of responsibility, etc Majid Husain.
250 ## - EDITION STATEMENT
Edition statement 5th Edi.
260 ## - PUBLICATION, DISTRIBUTION, ETC. (IMPRINT)
Place of publication, distribution, etc Jaipur :
Name of publisher, distributor, etc Rawat Publications,
Date of publication, distribution, etc 2007.
300 ## - PHYSICAL DESCRIPTION
Pagination 500 p. :
Other physical details illus.,
Dimensions 22 cm.
504 ## - BIBLIOGRAPHY, ETC. NOTE
Bibliography, etc Includes Bibliographical Reference.
650 ## - SUBJECT ADDED ENTRY--TOPICAL TERM
Topical term or geographic name as entry element Geography
650 ## - SUBJECT ADDED ENTRY--TOPICAL TERM
Topical term or geographic name as entry element Geography
General subdivision Methodology
650 ## - SUBJECT ADDED ENTRY--TOPICAL TERM
Topical term or geographic name as entry element Geography
General subdivision Philosophy
942 ## - ADDED ENTRY ELEMENTS (KOHA)
Source of classification or shelving scheme Dewey Decimal Classification
Koha item type Books
Holdings
Source of classification or shelving scheme Damaged status Not for loan Home library Current library Shelving location Date of accession Cost, normal purchase price Total Checkouts Full call number Barcode Date last seen Copy number Koha item type
Dewey Decimal Classification     JCC Rouf Library JCC Rouf Library General Stacks 11/22/2017 180.00   911 HUS 2007 5870 11/22/2017 C-1 Books

JCC Library | Contacts | JCC Home

Last Update on 23 September 2017
Copyright @ 2017-2020 JCC Rouf Library
Rouf Library, Jhenidah Cadet College (JCC), Bangladesh